000 00643nam a2200181 a 4500
001 000036675
005 20200930075851.0
008 120124s1971 cl 000 0 spa d
040 _aDO-SdBNP
_bspa
_cBNPHU
245 0 3 _aEl cancionero de Antioquia :
_bde la tierra colombiana /
_cColeccionado y anotado por Antonio José Restrepo.
246 1 4 _aDe la tierra colombiana
250 _a5a ed.
260 _aColombia :
_bHeredero de Benigno A. Gutiérrez,
_c1971.
300 _a419 p. ;
_c22 cm.
490 1 _aBolsilibros Bedout ;
_v100
700 1 2 _aRestrepo, Antonio José,
_d1855-1933,
_ecomp.
_962954
830 0 _aBolsilibros Bedout ;
_v100
_93750
999 _c36166
_d36166